Top 5 European League Top Scorers: 2003/04 - Statistics

General Stats
  • This quiz has been taken 14 times
  • The average score is 13 of 27
Answer Stats
League Goals Club Nationality Player % Correct
Serie A 24 Milan Ukraine Andriy Shevchenko
100%
Premier League 20 Manchester United Netherlands Ruud van Nistelrooy
100%
Serie A 20 Roma Italy Francesco Totti
93%
La Liga 24 Real Madrid Brazil Ronaldo
93%
Premier League 30 Arsenal France Thierry Henry
93%
Premier League 22 Newcastle England Alan Shearer
86%
Bundesliga 23 Bayern Munich Netherlands Roy Makaay
86%
Bundesliga 16 Bayer Leverkusen Bulgaria Dimitar Berbatov
79%
Ligue 1 19 Marseille Ivory Coast Didier Drogba
71%
La Liga 19 Atletico Madrid Spain Fernando Torres
71%
Ligue 1 18 PSG Portugal Pauleta
71%
Bundesliga 16 Borussia Dortmund Czechia Jan Koller
64%
Premier League 20 Manchester United/Fulham France Louis Saha
64%
Serie A 17 Inter/Parma Brazil Adriano
57%
Premier League 17 Birmingham Finland Mikael Forssell
36%
Bundesliga 28 Werder Bremen Brazil Ailton
29%
Ligue 1 26 Auxerre France Djibril Cisse
29%
La Liga 19 Espanyol Spain Raul Tamudo
21%
Bundesliga 16 Borussia Dortmund Brazil Ewerthon
7%
Bundesliga 20 Hansa Rostock Germany Martin Max
7%
Bundesliga 16 Bochum Iran Vahid Hashemian
7%
Serie A 23 Parma Italy Alberto Gilardino
0%
Ligue 1 20 Rennes Switzerland Alexander Frej
0%
Serie A 19 Lecce Uruguay Javier Chevanton
0%
La Liga 20 Sevilla Brazil Julio Baptista
0%
La Liga 19 Valencia Spain Mista
0%
Ligue 1 17 Sochaux France Pierre-Alain Frau
0%
No matching quizzes found
Score Distribution
Percent of People with Each Score
Percentile by Number Answered
Your Score History
You have not taken this quiz